Gente de la edad media

Wedi'i Gadw mewn:
Manylion Llyfryddiaeth
Prif Awdur: Power, Eileen Edna (Awdur)
Fformat: Llyfr
Iaith:Sbaeneg
Cyhoeddwyd: Buenos Aires EUDEBA 1973
Rhifyn:2a. ed
Pynciau:
Tagiau: Ychwanegu Tag
Dim Tagiau, Byddwch y cyntaf i dagio'r cofnod hwn!

MARC

LEADER 00000nam a2200000 a 4500
001 UCP5312
003 CL-VaPUC
008 990903e19730000AG |||||||||||||||||spa|d
082 0 4 |a 940.1  |b POW  |2 21 
100 0 |a Power, Eileen Edna  |e author  |9 433643 
245 1 0 |a Gente de la edad media 
250 |a 2a. ed 
300 |a 287 p 
942 |c BK 
945 |d 19990903 00:00:00  |a lriquelm 
260 |a Buenos Aires  |b EUDEBA  |c 1973 
650 0 |a Civilización medieval   |9 265320 
650 0 |a Historia social  |9 313638 
650 0 |a Vida social  |9 337244 
650 0 |a Edad media  |9 258041 
583 |a last modification  |c 19990903 00:00:00  |k Rodrigo Vera 
999 |c 283080  |d 283078 
952 |0 0  |1 0  |4 0  |6 940_100000000000000_POW_1973  |7 0  |8 A  |9 325849  |a BIBHIS  |b BIBHIS  |d 2019-11-20  |i 1369016  |o 940.1 POW 1973  |p 1369016  |r 2025-01-20  |w 2019-11-20  |y BK  |k HIS